The Radical tradition in education in Britain /

Bibliographic Details
Other Authors: Simon, Brian (Compiler)
Format: Book
Language:English
Published: London : Lawrence and Wishart, 1972.
Subjects:

MARC

Tag First Indicator Second Indicator Subfields
LEADER 00000cam a2200000 4500
001 in00002052231
005 20151101064403.0
008 720818s1972 enkh 000 0 eng
010 |a  72186461  
015 |a B72-06530 
019 |a 16197868  |a 59992448 
020 |a 0853152268 
035 |a (OCoLC)ocm00490273 
040 |a DLC  |c DLC  |d UKM  |d TXA  |d UtOrBLW 
043 |a e-uk--- 
049 |a TXAM 
050 0 0 |a LA631.7  |b .S49 1972 
100 1 |a Simon, Brian,  |e compiler. 
245 1 4 |a The Radical tradition in education in Britain /  |c Edited and with introduction by Brian Simon. 
264 1 |a London :  |b Lawrence and Wishart,  |c 1972. 
300 |a 3-299 pages :  |b facsimiles ;  |c 19 cm. 
336 |a text  |b txt  |2 rdacontent 
337 |a unmediated  |b n  |2 rdamedia 
338 |a volume  |b nc  |2 rdacarrier 
505 0 |a Enquiry concerning political justice, book I, chapter 4, by W. Godwin.--The age of reason; part the first, being an investigation of true and fabulous theology, by T. Paine.--A new view of society, third essay, by R. Carlile.--An outline of the system of education at New Lanark, by R. D. Owen.--An inquiry into the principles of the distribution of wealth most conducive to human happiness, chapter 4, by W. Thompson.--Chartism; a new organization of the people, by W. Lovett.--A factory as it might be, by W. Morris. 
650 0 |a Education  |z Great Britain  |x History  |v Sources. 
650 0 |a Education  |x Philosophy. 
653 |a Education Great Britain, 1793-1880. Readings from contemporary sources 
948 |a cataloged  |b h  |c 2005/5/11  |d c  |e jgreene  |f 1:26:28 pm 
994 |a E0  |b TXA 
999 |a MARS 
999 f f |s 241da503-0fa1-3516-86ab-2b4aaaf1f27d  |i cc951c5b-2030-355c-b623-7da773a248a2  |t 0 
952 f f |p normal  |a Texas A&M University  |b College Station  |c Sterling C. Evans Library  |d Evans: Library Stacks  |t 0  |e LA631.7 .S49 1972  |h Library of Congress classification  |i unmediated -- volume  |m A14833789012 
998 f f |a LA631.7 .S49 1972  |t 0  |l Evans: Library Stacks